Colección de cánones de la iglesia española publicada en latín a expensas de nuestros reyes
Uloženo v:
| Hlavní autor: | |
|---|---|
| Médium: | Kniha |
| Jazyk: | španělština |
| Vydáno: |
Madrid
Imprenta Anselmo Santa Coloma y Compañía
1850
|
| Vydání: | 1a. ed |
| Témata: | |
| Tagy: |
Přidat tag
Žádné tagy, Buďte první, kdo vytvoří štítek k tomuto záznamu!
|
MARC
| LEADER | 00000cam a2200000 a 4500 | ||
|---|---|---|---|
| 001 | UCD1886 | ||
| 003 | CL-VaPUC | ||
| 008 | 160407e18500000sp |||||||||||||||||spa|d | ||
| 082 | 0 | 4 | |a 220.12 |b GON |2 21 |
| 100 | 0 | |a González, Francisco Antonio |e author |9 585035 | |
| 245 | 1 | 0 | |a Colección de cánones de la iglesia española publicada en latín a expensas de nuestros reyes |
| 250 | |a 1a. ed | ||
| 300 | |a t | ||
| 942 | |c BK | ||
| 945 | |d 20160407 22:05:00 |a dcastane | ||
| 260 | |a Madrid |b Imprenta Anselmo Santa Coloma y Compañía |c 1850 | ||
| 650 | 7 | |a CANONES |2 CL-VaPUC |9 463716 | |
| 650 | 0 | |a Iglesia Católica |9 256114 | |
| 583 | |a last modification |c 20160407 22:05:00 |k Rodrigo Vera | ||
| 999 | |c 363094 |d 363092 | ||
| 952 | |0 0 |1 0 |3 erd |4 0 |6 220_120000000000000_GON_1850 |7 0 |8 X |9 474853 |a BIBTEO |b BIBTEO |c TEO_FFR |h t.1 |i 5279852 |o 220.12 GON 1850 |p 5279852 |r 2024-01-18 |w 2019-11-24 |y BK_X |z Catalogado en:20160407 |k OFM | ||
| 952 | |0 0 |1 0 |3 erd |4 0 |6 220_120000000000000_GON_1850 |7 0 |8 X |9 474854 |a BIBTEO |b BIBTEO |c TEO_FFR |h t.2 |i 5279208 |o 220.12 GON 1850 |p 5279208 |r 2024-01-18 |w 2019-11-24 |y BK_X |z Catalogado en:20160407 |k OFM | ||
| 952 | |0 0 |1 0 |3 erd |4 0 |6 220_120000000000000_GON_1850 |7 0 |8 X |9 474855 |a BIBTEO |b BIBTEO |c TEO_FFR |h t.3 p.2 |i 5279216 |o 220.12 GON 1850 |p 5279216 |r 2024-01-18 |w 2019-11-24 |y BK_X |z Catalogado en:20160407 |k OFM | ||
| 952 | |0 0 |1 0 |3 erd |4 0 |6 220_120000000000000_GON_1850 |7 0 |8 X |9 474856 |a BIBTEO |b BIBTEO |c TEO_FFR |h t.4 p.2 |i 5279224 |o 220.12 GON 1850 |p 5279224 |r 2024-01-18 |w 2019-11-24 |y BK_X |z Catalogado en:20160407 |k OFM | ||
| 952 | |0 0 |1 0 |3 erd |4 0 |6 220_120000000000000_GON_1850 |7 0 |8 X |9 474857 |a BIBTEO |b BIBTEO |c TEO_FFR |h t.5 p.2 |i 5279232 |o 220.12 GON 1850 |p 5279232 |r 2024-01-18 |w 2019-11-24 |y BK_X |z Catalogado en:20160407 |k OFM | ||